000 00347nam a2200145Ia 4500
008 230711s9999||||xx |||||||||||||| ||und||
041 _aENG
082 _a720
_bBE-R
100 _aBentlay.IAN
245 0 _aResponsive environments
250 _a1st . Ed.
260 _c1989
_aLodnon
_bThe Architects Publication
650 _aArchitecture
942 _cBK
999 _c51
_d51